English County Border Crossings - Statistics

General Stats
  • This quiz has been taken 9 times
  • The average score is 13 of 22
Answer Stats
Start in Go... End in % Correct
Hampshire North Berkshire
83%
Tyne and Wear South County Durham
83%
Oxfordshire East Buckinghamshire
67%
Suffolk West Cambridgeshire
67%
Devon West Cornwall
67%
Northumberland West Cumbria
67%
Kent South East Sussex
67%
Wiltshire North Gloucestershire
67%
Hertfordshire South Greater London
67%
Surrey East Kent
67%
Merseyside North Lancashire
67%
West Yorkshire North North Yorkshire
67%
Bristol South Somerset
67%
Norfolk South Suffolk
67%
Somerset East Wiltshire
67%
Worcestershire West Herefordshire
50%
Rutland South Northamptonshire
50%
Staffordshire West Shropshire
50%
Derbyshire North South Yorkshire
50%
Nottinghamshire East Lincolnshire
33%
East Yorkshire West North Yorkshire
33%
Gloucestershire East Oxfordshire
33%
No matching quizzes found
Score Distribution
Percent of People with Each Score
Percentile by Number Answered
Your Score History
You have not taken this quiz